000 06749namaa22004451i 4500
003 EG-GICUC
005 20260503222028.0
008 260503s2025 ua a|||frm||| 000 0 eng d
040 _aEG-GICUC
_beng
_cEG-GICUC
_dEG-GICUC
_erda
041 0 _aeng
_beng
_bara
049 _aDeposit
082 0 4 _a633.34
092 _a633.34
_221
097 _aM.Sc
099 _aCai01.07.01.M.Sc.2025.Es.I
100 0 _aEsraa Eraky Hassan,
_epreparation.
245 1 0 _aInfluence of planting date and location on some new genotypes of soybean in Egypt /
_cby Esraa Eraky Hassan ; Supervisors Dr. Sayed Ahmed Safina, Dr. Hashim Mohamed Abdel-Lattif, Dr. Mostafa Mohamed Soliman.
246 1 5 _aتاثير ميعاد الزراعة والموقع على بعض التراكيب الوراثية الجديدة من فول الصويا في مصر
264 0 _c2025.
300 _a140 pages :
_billustrations ;
_c25 cm. +
_eCD.
336 _atext
_2rda content
337 _aUnmediated
_2rdamedia
338 _avolume
_2rdacarrier
502 _aThesis (M.Sc)-Cairo University, 2025.
504 _aBibliography: pages 128-140.
520 3 _aSoybean (Glycine max (L.) Merrill) yields are influenced by numerous factors, including environmental conditions, location, and agricultural practices. Field experiments were carried out at Mallawy and Etay El-barood Agricultural Research Stations during the 2023 and 2024 summer seasons to evaluate the performance of five new soybean genotypes (H6 L198 "Misr 6", H10L288 "Misr 10", H1L3, H4L4, and H18L54) along with two check cultivars (Crawford and Giza 111) under three planting dates (May 15th, May 30th, and June 15th). The study aimed to assess the impact of environmental factors, particularly geographical location and planting date, on some soybean genotypes productivity and quality. Results showed that early sowing (May 15th) delayed flowering and maturity, but significantly enhanced yield and quality traits compared to later planting dates. At Mallawy, the highest seed yield (2.09 t/fed) was obtained from Crawford cultivar sown on May 15th, while at Etay El- barood, genotype H4L4 produced the maximum seed yield (1.99 t/fed) under the same planting date. Late sowing (June 15th) resulted in markedly reduced yields across all genotypes. At Mallawy, the Crawford cultivar sown on May 15th recorded the highest protein yield (1.01 ton/fed), while genotype H6L198-Misr 6 gave the highest oil yield (0.42 ton/fed) in the same planting date. In contrast, at Etay El-barood, the genotype H18 L54 showed superiority in oil and protein yields/fed (0.38 and 0.86 ton), respectively. The Crawford cultivar was grown at both experimental locations and exhibited the highest seed (1.95 ton), oil (0.38 ton), and protein (0.93 ton) yields per feddan when sown on May 15th. Correlation analysis across Etay El-barood and Mallawy revealed that seed yield (ton/feddan) was positively and significantly associated with several yield- related traits. While stronger correlations were observed at Mallawy, the dominant contributor was the number of pods per plant. In contrast, seed yield per plant and seed number per plant had greater influence at Etay El-barood, emphasizing the environment-dependent nature of trait–yield relationships in soybean across different agro-climatic zones.
520 3 _aأُجريت تجارِب حقلية بمحطتي البحوث الزراعية بملوي وإيتاي البارود خلال موسمي الصيف 2023 و 2024 بهدف تقييم أداء خمسة تراكيب وراثية جديدة من فول الصويا H1L3- H4L4- H6L198- H10 L288- H18 L54 بالإضافة إلى صنفين للمقارنة )كرافورد وجيزة 111 ) تحت ثلاثة مواعيد للزراعة ( 15 مايو، 30 مايو، و 15 يونيو ( استهدفت الدراسة تحديد أثر العوامل البيئية، وبالأخص الموقع الجغرافي وتاريخ الزراعة، على إنتاجية وجودة بعض التراكيب الوراثية الجديدة من فول الصويا . أظهرت النتائج أنّ الزراعة المبكرة ) 15 مايو( أدت إلى تأخير في التزهير والنضج، لكنها حسّنت بشكل ملحوظ صفات المحصول والجودة مقارنة بالمواعيد المتأخرة. ففي ملوي تحقق أعلى محصول بذور ) 2.09 طن/فدان( من الصنف كرافورد عند الزراعة في 15 مايو، بينما أعطى التركيب H4L4 أعلى محصول بذور ) 1.99 طن/فدان( في إيتاي البارود عند نفس الموعد. في المقابل، أدى التأخير في الزراعة ) 15 يونيو( إلى انخفاض حاد في إنتاجية جميع التراكيب الوراثية. اتبعت محاصيل الزيت والبروتين نفس الاتجاه، حيث تميزت مصر 6 وكرافور د بأفضل أداء عند الزراعة المبكرة، في حين سجل H1L3 و H18L54 أقل القيم عند الزراعة المتأخرة . أوضحت دراسة الارتباط في موقعي إيتاي البارود وملوي أن محصول البذور )طن/فدان( ارتبط إيجابيا ومعنويا بعدد من الصفات المرتبطة بالمحصول. وقد ظهرت معاملات ارتباط أقوى في ملوي، حيث كان العامل الأكثر إسهاماً هوعدد القرون لكل نبات. وعلى النقيض من ذلك، كان لمحصول البذور لكل نبات وعدد البذور لكل نبات تأثير أكبر في إيتاي البارود مما يؤكد الاعتماد على البيئة للعلاقات بين الصفات والمحصول في فول الصويا في المناطق الزراعية المختلفة .
530 _aIssues also as CD.
546 _aText in English and abstract in Arabic & English.
650 0 _asoybean
650 0 _aفول الصويا
653 1 _aSoybean
_aEnvironmental Conditions
_aClimate
_aGenotype Adaptation
_aAgronomic Performance
_aفول الصويا
_aالتركيب الوراثي
700 0 _aSayed Ahmed Safina
_ethesis advisor.
700 0 _aHashim Mohamed Abdel-Lattif
_ethesis advisor.
700 0 _aMostafa Mohamed Soliman
_ethesis advisor.
900 _b01-01-2025
_cSayed Ahmed Safina
_cHashim Mohamed Abdel-Lattif
_cMostafa Mohamed Soliman
_dMohamed Saad Moghazy Abdel-Aty
_dMagdy Mohamed Shafik
_UCairo University
_FFaculty of Agriculture
_DDepartment of Agronomy
905 _aShimaa
942 _2ddc
_cTH
_e21
_n0
999 _c179945